Especulaciones. (Record no. 195)
[ view plain ]
| 000 -LEADER | |
|---|---|
| campo de control de longitud fija | 00941 a2200145 4500 |
| 020 ## - NÚMERO INTERNACIONAL ESTÁNDAR DEL LIBRO | |
| Número Internacional Estándar del Libro | 9788489771383 |
| 082 ## - NÚMERO DE LA CLASIFICACIÓN DECIMAL DEWEY | |
| Número de clasificación | 777.801 |
| Número de ítem | ST876h |
| 100 ## - ENTRADA PRINCIPAL--NOMBRE DE PERSONA | |
| Nombre de persona | Frampton, Hollis |
| 9 (RLIN) | 922 |
| 245 ## - MENCIÓN DEL TÍTULO | |
| Título | Especulaciones. |
| Resto del título | Escritos sobre cine y fotografia |
| 260 ## - PUBLICACIÓN, DISTRIBUCIÓN, ETC. | |
| Lugar de publicación, distribución, etc. | Barcelona |
| Nombre del editor, distribuidor, etc. | Museu d'Art Contemporani de Barcelona |
| Fecha de publicación, distribución, etc. | 2007 |
| 300 ## - DESCRIPCIÓN FÍSICA | |
| Extensión | 124 p |
| Otras características físicas | ill |
| Dimensiones | 21 cm |
| 505 ## - NOTA DE CONTENIDO CON FORMATO | |
| Título | Introduccion George Stolz |
| -- | Una conferencia (1968) |
| -- | Para una metahistoria del cine: nota e hipotesis a partir de un lugar comun (1971) |
| -- | Notas sobre (nostalgia) (1971) |
| -- | Pentagrama para conjurar la narracion (1972) |
| -- | Digresiones sobre la agonia fotografica (1972) |
| -- | Notas mentales (1973) |
| -- | Eadweard Muybridge: fragmentos de un hipercubo (1973) |
| -- | Incisiones en la historia/ Segmentos eternidad (1974) |
| -- | La decadencia del estado del arte (1974) |
| -- | Filmografia |
| -- | Seleccion bibliografica dse los escritos de Hollis Frampton |
| 650 ## - PUNTO DE ACCESO ADICIONAL DE MATERIA--TÉRMINO DE MATERIA | |
| Término de materia o nombre geográfico como elemento de entrada | fotografia |
| Subdivisión general | cinematografia |
| -- | ensayos |
| 9 (RLIN) | 923 |
| 700 ## - ENTRADA AGREGADA--NOMBRE PERSONAL | |
| Nombre de persona | Hollis Frampton |
| 9 (RLIN) | 924 |
| Estatus retirado | Estado de pérdida | Fuente del sistema de clasificación o colocación | Estado de daño | No para préstamo | Biblioteca de origen | Biblioteca actual | Ubicación en estantería | Fecha de adquisición | Total de préstamos | Signatura topográfica completa | Código de barras | Visto por última vez | Precio de reemplazo | Tipo de ítem Koha |
|---|---|---|---|---|---|---|---|---|---|---|---|---|---|---|
| Clasificación Decimal Dewey | Biblioteca LadoV | Biblioteca LadoV | 02/06/2014 | 777.801 ST876h | 000200 | 02/06/2014 | 02/06/2014 | Material 01 |
